| 000 | 01124cam a22002054a 4500 | ||
|---|---|---|---|
| 005 | 20250605163933.0 | ||
| 008 | 250528s ||||||||||||||||||||||||d | ||
| 035 | _a14773 | ||
| 020 | _a879011343 | ||
| 040 |
_aGR-AtMCL _bgre _dGR-AtMCL _eAACR2 |
||
| 245 | 1 | _aSociology / Second Edition | |
| 250 | _a2nd | ||
| 260 |
_bWorth Publishers, Inc, _c1983 |
||
| 300 | _a682 | ||
| 520 | _aIntroduction to Sociology, Sociology: A New Look at a Familiar World, Doing Sociology: The Methods of Research, The Individual and Culture and Society, Culture, Society, Socialization, Social Interaction in Everyday Life, Social Groups, Deviance, Sexuality and Society, Social Stratification, Inequalities of Race and Ethnicity, Inequalities of Gender and Race, The Family, Education, Religion, Medicine, The Economic Order, The Political Order, Social Change, Collective Behavior and Social Movements, Population and Urbanization, Technology and Environment, War and Peace, Techniques of Library Research, Glossary, References, Acknowledgements, Index. | ||
| 700 | 1 |
_aRobertson Ian _9529 |
|
| 942 | _cBK | ||
| 999 |
_c392 _d392 |
||